00763nam a22002417a 45000010005000000030006000050050017000110080041000280200015000690400029000840500014001130820008001271000021001352450050001562500045002062600037002513000048002885050008003365200093003445210029004375210021004666500034004875551FISKH20241217124644.0241217b cb ||||| |||| 00| 0 eng d a0590686917 aFISKHbengcFISKHdFISKH aQB631.L38 a525 aLauber, Patricia aSeeing earth from space /cby Patricia Lauber aFirst Scholastic printing , January 1996 aNew York : bScholastic ;c1990. a80 pages : bcolor illustrations ;c28 cm . aU  aText and photographs taken from space depict the nature, evolution, and future of Earth.8 a820 bLexile estimate 8 aU bRaz-Plus  aastronomyvscience nonfiction